000 00376nam a2200145Ia 4500
020 _a9.781856178e+012
082 _a647.94068
_bTES/P
100 _a20260330u\\\\\\\\\\\y0engy0103\\\\ba
100 _aTesone, Dana
245 0 _aPrinciples of Management For The Hospitality Industry
250 _a1st
260 _aNew York
_bRoutledge
_c2013
300 _a405p.
942 _cBK
999 _c52376
_d52376